[Event "164 Stay Safe Play From Home"]
[Site "T#646250Emanuel Laske"]
[Date "2020.05.22"]
[Round "9"]
[White "Klausen"]
[Black "Toosieslide"]
[Result "0-1"]
[WhiteElo "1820"]
[BlackElo "2267"]
[Annotator "TA"]
[PlyCount "62"]
[EventDate "2020.05.22"]
[EventType "swiss (blitz)"]

{[%evp 14,62,23,12,102,20,28,22,23,-13,43,22,28,15,160,56,151,50,162,0,0,-17,0,-81,-80,-83,-9,-17,-13,-14,25,0,0,-203,-182,-411,-408,-29992,-280,-287,-294,-292,-287,-848,-833,-29991,-29992,-29990,-5543,-5101,-5097]} 1. Nf3 d5 2. d4 c6 3. c4 Nf6 4. e3 e6 5. Bd3 Nbd7 6. O-O Bd6 7. Nbd2 O-O 8. Qc2 b6 {D30: Queen's Gambit Declined: Systems without Nc3.} (8... e5 $11 9. cxd5 cxd5 10. dxe5 Nxe5) 9. b3 (9. cxd5 $16 cxd5 10. Qc6 {[%mdl 64] Double Attack}) 9... Bb7 10. Bb2 c5 {The position is equal.} 11. Ne5 Qc7 (11... cxd4 $11 12. exd4 Rc8) 12. f4 {[#]} g6 $146 ({Predecessor:} 12... h6 13. Ndf3 Rac8 14. Rac1 Ne4 15. Rfd1 Ndf6 16. Qb1 Qe7 17. Nd2 Rfd8 18. Bxe4 dxe4 {0-1 (54) Bock,M (1346)-Seinsoth,P (1616) Willingen 2018}) 13. Rac1 Ne8 (13... Qd8 $11) 14. Ndf3 (14. cxd5 $16 Bxd5 15. b4) 14... Ng7 (14... dxc4 $14 15. Nxc4 Be7) 15. a3 (15. Ng4 $16) 15... f6 (15... Nxe5 $14 16. dxe5 (16. fxe5 Be7 $11) 16... Be7) 16. Nxd7 $2 (16. Ng4 $18) 16... Qxd7 $11 17. g3 Rae8 (17... cxd4 {seems wilder.} 18. exd4 Rac8 19. Qe2 Qe7 20. Ra1 Nf5) 18. e4 (18. Qe2 $11 {remains equal.}) 18... dxe4 $17 19. Bxe4 Bxe4 ({Black should try} 19... cxd4 $17 {...e5 is the strong threat.} 20. Bxd4 Bxa3) 20. Qxe4 $11 cxd4 21. Nxd4 Bc5 {[#] aiming for ...Nf5.} 22. Kh1 e5 23. Nb5 $2 (23. fxe5 $11 {and White is okay.} Rxe5 24. Qc6) 23... exf4 $19 24. Qxf4 $2 (24. Qg2 {was necessary.}) 24... Re2 25. Bxf6 {[#]} (25. Bd4 $19 Qh3 26. Bf2) 25... Qc6+ $2 (25... Qh3 $1 {[%mdl 512] mates} 26. Rf2 Rxf2 27. Qxf2 Bxf2 28. Nd4 Rxf6 29. Nf5 Nxf5 30. Rg1 Bxg1 31. Kxg1 Ne3 32. Kh1 Qg2#) 26. Qf3 Rxf6 $1 27. Qxc6 Rxc6 28. Nd4 $2 (28. Rcd1 a6 29. Nc3) 28... Bxd4 29. Rf8+ Kxf8 30. Rf1+ Rf2 (30... Rf6 $142 31. Rxf6+ Bxf6 32. c5 bxc5 33. Kg1 Bd4+ 34. Kf1 Rxh2 35. g4 Ne6 36. Ke1 Nf4 37. Kd1 Nd3 38. g5 Be3 39. a4 Rd2#) 31. Rxf2+ Bxf2 {Accuracy: White = 22%, Black = 38%.} 0-1

[Event "164 Stay Safe Play From Home"]
[Site "T#646250Emanuel Laske"]
[Date "2020.05.22"]
[Round "9"]
[White "Emresenar"]
[Black "Weltszmerc"]
[Result "1-0"]
[WhiteElo "1717"]
[BlackElo "2042"]
[Annotator "TA"]
[PlyCount "87"]
[EventDate "2020.05.22"]
[EventType "swiss (blitz)"]

{[%evp 9,86,-38,8,13,19,-4,16,15,20,17,54,42,77,18,19,-14,12,18,11,11,15,0,1390,1384,1345,1335,1374,1366,1450,1429,1445,1420,1450,1424,1529,1522,1815,1655,1800,1767,1741,1727,1784,1721,2030,1897,2050,1966,29989,29990,29993,29990,29990,29991,29994,29990,29992,29991,29991,29992,29992,29992,29991,29989,29989,29990,29993,29991,29995,29994,29994,29994,29994,29995,29997,29998,29998,29999,29999]} 1. e4 Nf6 2. Nc3 d5 3. exd5 Nxd5 4. Nxd5 Qxd5 5. Ne2 c6 6. Nc3 {[#] B02: Alekhine's Defence: Chase Variation and lines with early Nc3.} Qa5 $146 ({Predecessor:} 6... Qd8 7. g3 Bf5 8. Bg2 e6 9. O-O Be7 10. d3 O-O 11. Bf4 Nd7 12. Re1 Nb6 {0-1 (83) Kim,O (2095)-Trapp,M (2060) playchess.com INT 2009}) 7. d3 Bf5 8. Bd2 {The position is equal.} e6 9. g3 Bc5 10. Bg2 (10. Ne4 {with more complications.} Qb6 11. Nxc5 Qxc5 12. Bg2 Qe5+ 13. Be3) 10... O-O 11. O-O (11. g4 $16 {Threatens to win with Ne4.} Bg6 12. h4) 11... Qc7 $11 12. Bf4 Bd6 13. Bxd6 Qxd6 14. Ne4 $36 {[%mdl 2048] Black is under pressure.} Bxe4 15. dxe4 Nd7 $2 {[%mdl 8192] [#] Black is on the road to losing.} (15... Qe7 $11) 16. Qxd6 $18 Nf6 17. Qd3 Rfd8 18. Qe3 e5 19. Rad1 Re8 20. Rd2 h6 21. f3 Re7 22. Rfd1 Kh7 23. Bh3 Rae8 24. Bf5+ g6 25. Bh3 Kg7 26. Rd6 b6 27. Rxc6 Ng8 28. Rdd6 Nf6 29. Rxf6 {White mates.} Rd7 30. Rfd6 Rxd6 31. Rxd6 Rc8 32. c3 Rc7 33. Rd7 Rxd7 34. Bxd7 Kf6 35. f4 Ke7 36. fxe5 Kxd7 37. Qxh6 Ke6 38. Qg7 f5 39. Qf6+ Kd7 40. exf5 gxf5 41. Qd6+ Ke8 42. e6 f4 43. Qd7+ {[%mdl 64] [#] Double Attack} Kf8 44. Qf7# {Accuracy: White = 78%, Black = 64%.} 1-0

[Event "164 Stay Safe Play From Home"]
[Site "T#646250Emanuel Laske"]
[Date "2020.05.22"]
[Round "9"]
[White "Trotsky"]
[Black "SoulofWolf"]
[Result "0-1"]
[WhiteElo "1585"]
[BlackElo "2095"]
[Annotator "TA"]
[PlyCount "78"]
[EventDate "2020.05.22"]
[EventType "swiss (blitz)"]

{[%evp 9,78,53,81,33,37,30,31,-31,-4,-92,31,-18,32,34,59,70,92,-12,38,-281,-284,-274,-232,-257,-173,-288,-304,-707,-123,-129,-141,-329,-160,-271,-283,-362,-412,-502,-502,-908,-880,-852,-766,-762,-712,-2476,-737,-912,-893,-875,-876,-935,-950,-1106,-1101,-1079,-1071,-1227,-1202,-1680,-1563,-29987,-2947,-2196,-1434,-1863,-1343,-1575,-952,-1164,-810]} 1. d4 Nf6 2. e3 c5 3. c4 e6 4. Nc3 g6 5. Nf3 Bg7 6. d5 {E10: Blumenfeld Gambit.} O-O 7. Bd3 a6 8. Qc2 (8. a4 $14) 8... d6 {[#]} 9. Ng5 $146 (9. a4 $11) ({Predecessor:} 9. e4 Ng4 10. O-O f5 11. exf5 exf5 12. Bg5 Qd7 13. h3 Ne5 14. Nxe5 Bxe5 15. f4 {0-1 (40) Garcia,J (718)-Goti,J (672) LSS email 2013}) 9... e5 ({Black should play} 9... exd5 $17 10. cxd5 Nxd5 $1 {[%mdl 576] Discovered Attack} 11. Nxd5 Qxg5) 10. h4 Ne8 (10... b5 $5) 11. Bd2 f5 12. O-O-O Nf6 13. g4 (13. f3 $16) 13... e4 14. Ncxe4 $2 {[%mdl 8192]} (14. Be2 $14 {was forced to keep a grip.}) 14... fxe4 $19 ({Much less strong is} 14... Nxe4 15. Bxe4 fxe4 16. Rdg1 $17) 15. Bxe4 Nxe4 ({Resist} 15... Nxg4 16. Be1 $19) 16. Qxe4 Qe8 ({Don't play} 16... Rxf2 17. Rdf1 $17) 17. Qd3 (17. h5 $142) 17... Bxg4 18. h5 $2 {[#]} (18. Rdg1 Bh5 19. f4) 18... Bf5 $2 (18... Qe5 $1 $19 {[%csl Gg7][%cal Re5b2] and Black stays clearly on top.} 19. Bc3 Qxg5 20. hxg6 Bxd1) 19. e4 $17 Bg4 {And now ...Qe5 would win.} 20. f3 $2 (20. Rdg1 $17 {is a better defense.} Nd7 21. Rxg4) 20... Bxh5 (20... Qe5 $19 {[%csl Gg7][%cal Re5b2] is more deadly.} 21. Qb3 Bxh5) 21. Rxh5 (21. Rdg1 $17 Nd7 22. f4) 21... gxh5 $19 22. e5 {[%csl Gg5][%cal Rd3h7]} Qg6 23. Qe3 {Threatening Rg1.} Bh6 24. f4 (24. e6 $142 Rf5 25. f4 Bxg5 26. fxg5) 24... Bxg5 25. fxg5 dxe5 26. Qxe5 Nd7 27. Qd6 Rad8 28. Qxg6+ hxg6 29. Bc3 Rf5 30. Kc2 Rxg5 31. Kb3 h4 32. Rh1 Rg4 33. Rf1 h3 34. Bd2 h2 35. Be3 {[#]} Rh4 (35... Rg3 $142 $1 36. a4 Rf8 37. Rd1 Rxe3+ 38. Ka2 Ne5 39. d6 Rf2 40. d7 {[#]} Nxd7 $1 {[%mdl 512]} 41. Rh1 Nb6 $1 {[%mdl 576] Double Attack} 42. Rd1 Nxc4 43. Rd8+ Kf7 44. Rd7+ Ke6 $1 {[%mdl 512]} 45. Kb1 h1=Q+ 46. Rd1 Qxd1+ {[%mdl 64] Double Attack} 47. Ka2 Rxb2#) 36. Rh1 {Black is clearly winning.} Rh5 37. Bf2 b6 38. Bg3 Nf6 39. Bxh2 Ng4 {Accuracy: White = 20%, Black = 24%.} 0-1